Podstata a úlohy marketingu v podniku časť 5.10

Podstata a vymedzenie marketingu. Štyri základné nástroje - prvky marketingového mixu. Úlohy marketingu v podniku. Marketingový manažment podniku. Výber marketingových stratégií. Marketingový plán. Kontrola výsledkov.

Saved in:
Bibliographic Details
Main Author: Šúbertová, Elena
Format: Book Chapter
Language:Slovak
Subjects:
Tags: Add Tag
No Tags, Be the first to tag this record!

MARC

LEADER 00000naa$a2200000$$$4500
001 0053645
005 20240502071625.1
041 0 |a slo 
044 |a SK 
245 1 0 |a Podstata a úlohy marketingu v podniku  |b časť 5.10  |c Elena Šúbertová 
520 |a Podstata a vymedzenie marketingu. Štyri základné nástroje - prvky marketingového mixu. Úlohy marketingu v podniku. Marketingový manažment podniku. Výber marketingových stratégií. Marketingový plán. Kontrola výsledkov. 
610 2 0 |a marketing 
610 2 0 |a marketing manažment 
610 2 0 |a marketing mix 
610 2 0 |a stratégia marketingová 
610 2 0 |a plánovanie 
610 2 0 |a kontrola 
610 2 0 |a zákazníci 
610 2 0 |a inovácia 
610 2 0 |a produkty 
610 2 0 |a procesy podnikové 
100 1 |a Šúbertová, Elena